<?xml version="1.0" encoding="UTF-8"?>
<record
    xmlns:xsi="http://www.w3.org/2001/XMLSchema-instance"
    xsi:schemaLocation="http://www.loc.gov/MARC21/slim http://www.loc.gov/standards/marcxml/schema/MARC21slim.xsd"
    xmlns="http://www.loc.gov/MARC21/slim">

  <leader>03084cas a2200673 i 4500</leader>
  <datafield tag="999" ind1=" " ind2=" ">
    <subfield code="c">79402</subfield>
    <subfield code="d">316679</subfield>
  </datafield>
  <controlfield tag="001">38523703</controlfield>
  <controlfield tag="003">OCoLC</controlfield>
  <controlfield tag="005">20210304192456.0</controlfield>
  <controlfield tag="006">m     o  d        </controlfield>
  <controlfield tag="007">cr mnu||||||||</controlfield>
  <controlfield tag="008">980227c2018  enkmx pso     0    0eng c</controlfield>
  <datafield tag="010" ind1=" " ind2=" ">
    <subfield code="a">2005233378</subfield>
  </datafield>
  <datafield tag="020" ind1=" " ind2=" ">
    <subfield code="a">9780702054891</subfield>
  </datafield>
  <datafield tag="030" ind1=" " ind2=" ">
    <subfield code="a">CLBIEW</subfield>
  </datafield>
  <datafield tag="035" ind1=" " ind2=" ">
    <subfield code="a">(OCoLC)38523703</subfield>
    <subfield code="z">(OCoLC)222752635</subfield>
    <subfield code="z">(OCoLC)499761772</subfield>
    <subfield code="z">(OCoLC)525767465</subfield>
    <subfield code="z">(OCoLC)535489413</subfield>
  </datafield>
  <datafield tag="040" ind1=" " ind2=" ">
    <subfield code="a">OH1</subfield>
    <subfield code="b">eng</subfield>
    <subfield code="e">rda</subfield>
    <subfield code="c">OH1</subfield>
    <subfield code="d">OCL</subfield>
    <subfield code="d">OCLCQ</subfield>
    <subfield code="d">IUL</subfield>
    <subfield code="d">OCLCQ</subfield>
    <subfield code="d">GUA</subfield>
    <subfield code="d">U9S</subfield>
    <subfield code="d">SERSO</subfield>
    <subfield code="d">OCLCQ</subfield>
    <subfield code="d">UKMGB</subfield>
    <subfield code="d">CCO</subfield>
    <subfield code="d">OCLCQ</subfield>
    <subfield code="d">OCLCO</subfield>
    <subfield code="d">MYG</subfield>
    <subfield code="d">OPELS</subfield>
    <subfield code="d">OCLCF</subfield>
    <subfield code="d">OCLCO</subfield>
    <subfield code="d">OCLCQ</subfield>
    <subfield code="d">OCLCO</subfield>
    <subfield code="d">OCLCQ</subfield>
    <subfield code="d">OCLCO</subfield>
    <subfield code="d">OCLCA</subfield>
  </datafield>
  <datafield tag="042" ind1=" " ind2=" ">
    <subfield code="a">pcc</subfield>
  </datafield>
  <datafield tag="050" ind1="1" ind2="4">
    <subfield code="a">QP303</subfield>
  </datafield>
  <datafield tag="060" ind1="0" ind2="0">
    <subfield code="a">W1</subfield>
    <subfield code="b">CL668TH</subfield>
  </datafield>
  <datafield tag="060" ind1="0" ind2="0">
    <subfield code="a">W1</subfield>
    <subfield code="b">CL668TH</subfield>
  </datafield>
  <datafield tag="082" ind1="0" ind2="4">
    <subfield code="a">612.76</subfield>
    <subfield code="2">23</subfield>
    <subfield code="b">RJC</subfield>
  </datafield>
  <datafield tag="130" ind1="0" ind2=" ">
    <subfield code="a">Clinical biomechanics (Bristol, England : Online)</subfield>
    <subfield code="9">88281</subfield>
  </datafield>
  <datafield tag="210" ind1="1" ind2=" ">
    <subfield code="a">Clin. biomech.</subfield>
    <subfield code="b">(Online)</subfield>
  </datafield>
  <datafield tag="222" ind1=" " ind2="0">
    <subfield code="a">Clinical biomechanics</subfield>
    <subfield code="b">(Online)</subfield>
  </datafield>
  <datafield tag="245" ind1="1" ind2="0">
    <subfield code="a">The Comprehensive Textbook of Clinical biomechanics</subfield>
    <subfield code="c">Jim Richards</subfield>
  </datafield>
  <datafield tag="264" ind1=" " ind2="1">
    <subfield code="a">[Bristol, U.K.] :</subfield>
    <subfield code="b">[J. Wright],</subfield>
    <subfield code="c">2018-</subfield>
  </datafield>
  <datafield tag="300" ind1=" " ind2=" ">
    <subfield code="a">363 p</subfield>
    <subfield code="c">24 cm</subfield>
  </datafield>
  <datafield tag="310" ind1=" " ind2=" ">
    <subfield code="a">Ten number a year,</subfield>
    <subfield code="b">1999-</subfield>
  </datafield>
  <datafield tag="321" ind1=" " ind2=" ">
    <subfield code="a">Four number a year,</subfield>
    <subfield code="b">1986-1992</subfield>
  </datafield>
  <datafield tag="321" ind1=" " ind2=" ">
    <subfield code="a">Six no a year,</subfield>
    <subfield code="b">1993-1994</subfield>
  </datafield>
  <datafield tag="321" ind1=" " ind2=" ">
    <subfield code="a">Eight number a year,</subfield>
    <subfield code="b">1995-1998</subfield>
  </datafield>
  <datafield tag="362" ind1="0" ind2=" ">
    <subfield code="a">Volume 1, issue 1 (February 1986)-</subfield>
  </datafield>
  <datafield tag="500" ind1=" " ind2=" ">
    <subfield code="a">Title from contents screen (ScienceDirect, viewed November 10, 2005)</subfield>
  </datafield>
  <datafield tag="500" ind1=" " ind2=" ">
    <subfield code="a">Published: Elsevier, &lt;1997-&gt;</subfield>
  </datafield>
  <datafield tag="515" ind1=" " ind2=" ">
    <subfield code="a">Some nos. issued in combined form</subfield>
  </datafield>
  <datafield tag="520" ind1=" " ind2=" ">
    <subfield code="a">"Clinical biomechanics is an international multidisciplinary journal of musculoskeletal biomechanics."</subfield>
  </datafield>
  <datafield tag="521" ind1="8" ind2=" ">
    <subfield code="a">"Biomechanists, bioengineers, orthopaedic physicians, physiotherapists, ergonomists and rheumatologists."</subfield>
  </datafield>
  <datafield tag="525" ind1=" " ind2=" ">
    <subfield code="a">Has supplements</subfield>
  </datafield>
  <datafield tag="550" ind1=" " ind2=" ">
    <subfield code="a">Published on behalf of the OAGB, 1986-</subfield>
  </datafield>
  <datafield tag="550" ind1=" " ind2=" ">
    <subfield code="a">A journal affiliated to the International Society of Biomechanics, the American Society of Biomechanics, the European Society of Biomechanics, the Taiwanese Society for Biomechanics, and the Japanese Society for Clinical Biomechanics and Related Research, &lt;2005-&gt;</subfield>
  </datafield>
  <datafield tag="650" ind1=" " ind2="0">
    <subfield code="a">Biomechanics</subfield>
    <subfield code="v">Periodicals.</subfield>
    <subfield code="9">88282</subfield>
  </datafield>
  <datafield tag="650" ind1=" " ind2="0">
    <subfield code="a">Osteopathic medicine</subfield>
    <subfield code="v">Periodicals.</subfield>
    <subfield code="9">88283</subfield>
  </datafield>
  <datafield tag="650" ind1=" " ind2="2">
    <subfield code="a">Biomechanical Phenomena.</subfield>
    <subfield code="9">64178</subfield>
  </datafield>
  <datafield tag="650" ind1=" " ind2="2">
    <subfield code="a">Osteopathic Medicine.</subfield>
    <subfield code="9">10834</subfield>
  </datafield>
  <datafield tag="655" ind1=" " ind2="4">
    <subfield code="a">Electronic journals.</subfield>
    <subfield code="9">74585</subfield>
  </datafield>
  <datafield tag="655" ind1=" " ind2="2">
    <subfield code="a">Periodicals.</subfield>
    <subfield code="9">88284</subfield>
  </datafield>
  <datafield tag="655" ind1=" " ind2="4">
    <subfield code="a">Computer network resources.</subfield>
    <subfield code="9">88285</subfield>
  </datafield>
  <datafield tag="655" ind1=" " ind2="7">
    <subfield code="a">Periodicals.</subfield>
    <subfield code="2">fast</subfield>
    <subfield code="9">88284</subfield>
  </datafield>
  <datafield tag="655" ind1=" " ind2="7">
    <subfield code="a">Periodicals.</subfield>
    <subfield code="2">lcgft</subfield>
    <subfield code="9">88284</subfield>
  </datafield>
  <datafield tag="710" ind1="2" ind2=" ">
    <subfield code="a">Osteopathic Association of Great Britain.</subfield>
    <subfield code="9">88286</subfield>
  </datafield>
  <datafield tag="710" ind1="2" ind2=" ">
    <subfield code="a">American Society of Biomechanics.</subfield>
    <subfield code="9">88287</subfield>
  </datafield>
  <datafield tag="710" ind1="2" ind2=" ">
    <subfield code="a">European Society of Biomechanics.</subfield>
    <subfield code="9">88288</subfield>
  </datafield>
  <datafield tag="710" ind1="2" ind2=" ">
    <subfield code="a">International Society of Biomechanics.</subfield>
    <subfield code="9">88289</subfield>
  </datafield>
  <datafield tag="710" ind1="2" ind2=" ">
    <subfield code="a">Taiwan sheng wu li xue xue hui.</subfield>
    <subfield code="9">88290</subfield>
  </datafield>
  <datafield tag="710" ind1="2" ind2=" ">
    <subfield code="a">Nihon Rinsh&#xBF;&#x200D; Baiomekanikusu Gakkai.</subfield>
    <subfield code="9">88291</subfield>
  </datafield>
  <datafield tag="776" ind1="0" ind2="8">
    <subfield code="i">Print version:</subfield>
    <subfield code="t">Clinical biomechanics (Bristol, England)</subfield>
    <subfield code="x">0268-0033</subfield>
    <subfield code="w">(DLC)sn 88026317</subfield>
    <subfield code="w">(OCoLC)13991445</subfield>
  </datafield>
  <datafield tag="856" ind1="4" ind2="0">
    <subfield code="3">OhioLINK</subfield>
    <subfield code="z">Connect to resource</subfield>
    <subfield code="u">http://rave.ohiolink.edu/ejournals/journal/249350369</subfield>
  </datafield>
  <datafield tag="942" ind1=" " ind2=" ">
    <subfield code="2">ddc</subfield>
    <subfield code="c">BOOK</subfield>
  </datafield>
  <datafield tag="952" ind1=" " ind2=" ">
    <subfield code="1">0</subfield>
    <subfield code="2">2021-03-04</subfield>
    <subfield code="4">0</subfield>
    <subfield code="7">0</subfield>
    <subfield code="a">612.76 RJC</subfield>
    <subfield code="d">2021-03-04</subfield>
    <subfield code="h">CL</subfield>
    <subfield code="i">00167113</subfield>
    <subfield code="m">CL</subfield>
    <subfield code="r">2021-03-04 00:00:00</subfield>
    <subfield code="t">BOOK</subfield>
    <subfield code="w">ddc</subfield>
    <subfield code="y">0</subfield>
  </datafield>
  <datafield tag="952" ind1=" " ind2=" ">
    <subfield code="1">0</subfield>
    <subfield code="2">2021-03-04</subfield>
    <subfield code="4">0</subfield>
    <subfield code="7">0</subfield>
    <subfield code="a">612.76 RJC</subfield>
    <subfield code="d">2021-03-04</subfield>
    <subfield code="h">CL</subfield>
    <subfield code="i">00167114</subfield>
    <subfield code="m">CL</subfield>
    <subfield code="r">2021-03-04 00:00:00</subfield>
    <subfield code="t">BOOK</subfield>
    <subfield code="w">ddc</subfield>
    <subfield code="y">0</subfield>
  </datafield>
  <datafield tag="952" ind1=" " ind2=" ">
    <subfield code="1">0</subfield>
    <subfield code="2">2021-03-04</subfield>
    <subfield code="4">0</subfield>
    <subfield code="7">0</subfield>
    <subfield code="a">612.76 RJC</subfield>
    <subfield code="d">2021-03-04</subfield>
    <subfield code="h">CL</subfield>
    <subfield code="i">00167115</subfield>
    <subfield code="m">CL</subfield>
    <subfield code="r">2021-03-04 00:00:00</subfield>
    <subfield code="t">BOOK</subfield>
    <subfield code="w">ddc</subfield>
    <subfield code="y">0</subfield>
  </datafield>
</record>
